00625 2200181 4500245002800000020002200028250001100050100001600061700002000077650001700097005001900114260003000133041001400163084001100177300002700188500021900215336000900434 aKatacRintik SeduhText a978-979-780-932-4 aCet. 1 aRintik Sedu aSulung S. Hanum aNovel Remaja a20240903092129 aJakartabGagasMediac2019 aIndonesia a808.83 avi, 389 hlm. :c19 cm. aNugraha, Biru dan Binta saling membelakangi dan saling pergi. Mereka butuh kata-kata untuk menjelaskan perasaan. Mereka harus bicara dan berhenti menyembunyikan kata hati serta mencari jawaban dari sebuah perasaan. atext